Top 15 Covid-19 getroffen landen - 7 augustus - Statistieken

Algemene statistieken
  • Deze quiz is 3 keer genomen
  • De gemiddelde score is 6 van 25
Antwoordstatistieken
land % Correct
Rusland
100%
Spanje
100%
India
67%
Verenigde Staten
67%
Verenigd Koninkrijk
67%
Brazilië
33%
Colombia
33%
Iran
33%
Mexico
33%
Peru
33%
Saoedi-Arabië
33%
Zweden
33%
Armenië
0%
Bahrein
0%
Bangladesh
0%
Chili
0%
Chili
0%
Israël
0%
Koeweit
0%
Oman
0%
Pakistan
0%
Panama
0%
Qatar
0%
Singapore
0%
Zuid-Afrika
0%
Geen overeenkomende quizzen gevonden
Scoreverdeling
Procent van Mensen met Elke Score
Percentiel versus Aantal Correcte Antwoorden
Uw Scoregeschiedenis
U heeft deze quiz nog niet genomen